Adivina el jugador - Estadísticas

Estadísticas generales
  • Esta prueba ha sido intentada 34 veces
  • La puntuación promedio es 6 de 16
Estadísticas de respuestas
Imagen Respuesta % Correcto
Cristiano Ronaldo
81%
Lebron James
67%
Michael Jordan
67%
Kobe Bryant
63%
Leo Messi
52%
Michael Schumacher
44%
Larry Bird
37%
Lewis Hamilton
37%
Ayrton Senna
33%
Wayne Rooney
33%
Tom Brady
26%
Didier Drogba
19%
Nigel Mansell
15%
Patrick Mahomes
7%
Eli Manning
0%
Joe Montana
0%
No se encontraron pruebas coincidentes
Distribución de puntuación
Porcentaje de gente con cada puntuación
Porcentaje por número respondido
Historial de tus puntuaciones
No has intentado esta prueba.